| 000 | 01187nam a2200325 a 4500 | ||
|---|---|---|---|
| 001 | BRCA_5946 | ||
| 005 | 20190320205255.0 | ||
| 008 | 240311s1547----it-#######---#000-0#lat-# | ||
| 041 | _alat | ||
| 044 | _ait | ||
| 050 | 4 |
_aPA2084 _b.S84 1547 |
|
| 100 | 1 |
_aSvetonii, C. _915017 |
|
| 245 | 1 | 0 |
_aBaptistae Egnatii Veneti di Romanis principibus, libri III _bEiusdem Annotationes in Suetonium. |
| 260 |
_aLvgdvni _bApud Sebgryphium Lugduni _c1547 |
||
| 300 |
_a632 p. _c12 cm. |
||
| 500 | _aTítulo del lomo: Gai Suelonij | ||
| 500 | _aCon colofón y firma de B. Cordero | ||
| 500 | _aEstado físico: tiene dos agujeros en las tapas que podrían ser de los cintillos que ya no están | ||
| 500 | _aFondo antiguo | ||
| 500 | _aSe encuentra en Caja Fuerte | ||
| 500 | _aH-147 | ||
| 500 | _aIncluye índice | ||
| 500 | _aCon Ex- libris de: Franz Mayer | ||
| 500 | _aNota de encuadernación: en piel pergamino desprendida del lomo | ||
| 506 | 0 | _aFondo reservado: para su consulta es necesario credencial de usuario y carta de motivos | |
| 650 | 1 | 4 |
_aLengua latina _xEstudio y enseñanza _915018 |
| 650 | 1 | 4 |
_aLengua latina _xGramática _915019 |
| 902 | _aLAR | ||
| 942 |
_2lcc _cB |
||
| 999 |
_c5635 _d5635 |
||